| 000 | 00624nam a22002177a 4500 | ||
|---|---|---|---|
| 001 | 24236 | ||
| 003 | BD-RjUL | ||
| 005 | 20211209001026.0 | ||
| 008 | 140312r19521930e |||| |||| 000 0 eng d | ||
| 035 | _a(BD-RjUL)24302 | ||
| 040 |
_aBD-RjUL _beng _cBD-RjUL |
||
| 041 | _aeng | ||
| 082 | 0 | 4 |
_a823 _bSMA 1952 |
| 100 | 1 |
_aSmollett, Tobias. _974654 |
|
| 245 | 1 | 4 |
_aThe Adventures of Roderick Random / _cby Tobias Somllett. |
| 260 |
_aNewyourk : _bOxford University press, _c1930 [reprinted 1952]. |
||
| 300 |
_axviii, 541 p. ; _c17 cm. |
||
| 490 | 0 | _aThe world classis | |
| 830 |
_aThe world classis _974661 |
||
| 942 |
_2ddc _cBK |
||
| 999 |
_c24236 _d24236 |
||